Responses for show #8328 - Wednesday, February 3, 2021

Contestants

[<< previous game]

Paul Acosta, a former support services clerk from Los Angeles, California

Nicole Kozdron, an attorney originally from Elyria, Ohio

Steve Crupi, a retired police department information supervisor from Las Vegas, Nevada (whose 2-day cash winnings total $22,000)

[next game >>]

Jeopardy! Round responses

LET'S GO SNORKELING
SCIENTISTS
FEELING LITERARY
TV & MOVIE PAIRS
A "KID" IN
A CANDY STORE
    $200 14
flippers

Paul
    $200 13
(Paul: What is the prefrontal cortex?)

the left side

Paul
Triple Stumper
    $200 12
Fear & Loathing

Paul
    $200 1
R2-D2 & C-3PO

Steve
    $200 9
kid gloves

Paul
    $200 3
Jelly Belly

Nicole
    $400 15
sand

Nicole
    $400 25
fruit flies

Nicole
    $400 23
Anger

Paul
    $400 2
Mike Myers & Dana Carvey

Nicole
    $400 10
(Ken: Yeah, you did wicked well with that one.)
[Laughter]

the New Kids on the Block

Nicole
    $400 4
Gummi Bears

Steve
    $600 20
manta rays

Paul
    $600 26
(Paul: Uh, what are, uh, light crystals?)

liquid crystals

NicolePaul
    $600 24
The Agony & the Ecstasy

Steve
    $600 7
Mork & Mindy

Nicole
    $600 11
the Sundance Kid

Paul
    $600 5
George Washington Carver

Nicole
    $800 21
sunscreen

Nicole
    $1,000 27
(Rudolf) Diesel

Nicole
    $800 30
Desire

Triple Stumper
    $800 19
(Ken: You just got to say "Butt-Head" on Jeopardy!. Very nice.)
[Laughter]

Beavis & Butt-Head

Nicole
    $800 16
the Garbage Pail Kids

Paul
    $800 6
licorice

Steve
    $1000 22
(Nicole: What is angelfish?)

the Moorish idol

Nicole
Triple Stumper
    $1000 28
[Ken reads the clue with a German accent.]

(Wernher) von Braun

Paul
    $1000 29
A Rage

Paul
    $1000 18
Abbott & Costello

Paul
    $1000 17
latchkey kids

Paul
    $1000 8
Goo Goo Clusters

Paul

Scores at the first commercial break (after clue 15):

Steve Nicole Paul
$1,400 $2,600 $2,000

Scores at the end of the Jeopardy! Round:

Steve Nicole Paul
$2,000 $5,200 $7,200

Double Jeopardy! Round responses

1961, WHAT A YEAR!
ATLAS ALLITERATION
FOREIGN ELECTIONS
THERE'S A WORD FOR THAT
NOTORIOUS
"UN"-TERTAINMENT
    $400 12
Berlin

Triple Stumper
    $400 10
Botany Bay

Triple Stumper
    $400 26
the chancellor of Germany

Triple Stumper
    $400 9
ambidextrous

Steve
    $400 6
Bonnie & Clyde

Paul
    $400 1
"Unforgettable"

Steve
    $800 13
Liverpool

Steve
    $800 11
Cape Cod

Triple Stumper
    $800 27
(Paul: What is China?)

India

NicolePaul
    $1,500 18
a scapegoat

Nicole
    $800 7
Bernie Madoff

Paul
    $800 2
(Steve: What is Unsinkable?)

Unbreakable Kimmy Schmidt

SteveNicole
    $1200 14
Gagarin

Steve
    $1200 15
(Ken: The newest country in Africa, yes.)

South Sudan

Nicole
    $1200 28
Iraq

Paul
    $1200 19
apocryphal

Nicole
    $1200 8
Catch Me If You Can

Nicole
    $1200 3
Uncut Gems

Steve
    $1600 22
(Paul: What is Rhodesia?)

the British Commonwealth

Paul
Triple Stumper
    $1600 16
(Nicole: What is the "Sara-gasso" Sea? [*].)

the Sargasso Sea

Nicole
    $5,000 29
(Paul: Uh... what is, uh... Libya?)
(Ken: Oh... right next door. What is [*]? You were close.)

Tunisia

Paul
    $1600 20
a retronym

Nicole
    $1600 24
(Ken: Oh, Steve, you didn't get the law enforcement clue.)

profiling

Triple Stumper
    $1600 4
Unorthodox

Nicole
    $2000 23
USAID

Triple Stumper
    $2000 17
Phnom Penh, Cambodia

Triple Stumper
    $2000 30
Hugo Chávez

Triple Stumper
    $2000 21
vexillology

Steve
    $2000 25
D.B. Cooper

Nicole
    $2000 5
Unplugged

Paul

Scores at the end of the Double Jeopardy! Round:

Steve Nicole Paul
$7,200 $18,700 $4,200
(lock game)

[wagering suggestions for these scores]

Final Jeopardy! Round responses

EUROPEAN ROYALTY
PaulWho is Morpheus?
$4,000
SteveWho is ?
$2,800
NicoleWho is Apollo?
$0
Apollo

Final scores:

Steve Nicole Paul
$4,400 $18,700 $200
2nd place: $2,000 New champion: $18,700 3rd place: $1,000

Game dynamics:

Coryat scores:

Steve Nicole Paul
$7,200 $17,800 $9,200
10 R,
1 W
21 R
(including 2 DDs),
1 W
16 R,
5 W
(including 1 DD)

Combined Coryat: $34,200

The J! Archive is created by fans, for fans. The Jeopardy! game show and all elements thereof, including but not limited to copyright and trademark thereto, are the property of Jeopardy Productions, Inc. and are protected under law. This website is not affiliated with, sponsored by, or operated by Jeopardy Productions, Inc. Join the discussion at JBoard.tv.